<?xml version="1.0" encoding="UTF-8"?>
<collection xmlns="http://www.loc.gov/MARC21/slim">
    <record>
        <controlfield tag="001">66003</controlfield>
        <controlfield tag="005">20180223094401.0</controlfield>
        <datafield tag="037" ind1=" " ind2=" ">
            <subfield code="a">GDOC-2016-25218</subfield>
        </datafield>
        <datafield tag="041" ind1=" " ind2=" ">
            <subfield code="a">spa</subfield>
        </datafield>
        <datafield tag="100" ind1=" " ind2=" ">
            <subfield code="0">(orcid)0000-0002-1006-5030</subfield>
            <subfield code="1">388080</subfield>
            <subfield code="a">Badía Villas, David</subfield>
        </datafield>
        <datafield tag="245" ind1="0" ind2="0">
            <subfield code="9">25218</subfield>
            <subfield code="a">Degradación y contaminación de suelos</subfield>
        </datafield>
        <datafield tag="242" ind1="0" ind2="0">
            <subfield code="9">25218</subfield>
            <subfield code="a">Land pollution</subfield>
        </datafield>
        <datafield tag="260" ind1=" " ind2=" ">
            <subfield code="a">Zaragoza</subfield>
            <subfield code="b">Universidad de Zaragoza</subfield>
            <subfield code="c">2016-2017</subfield>
        </datafield>
        <datafield tag="520" ind1=" " ind2=" ">
            <subfield code="a">Breve presentación de la asignatura
Esta asignatura pretende introducir al alumno en temas aplicados de la Ciencia del Suelo, especialmente en lo que se refiere a aspectos medioambientales, aproximándolo de esta forma al ejercicio profesional. Partiendo de conceptos alcanzados en la asignatura de Edafología del primer curso del grado, se considera el suelo como un recurso natural no renovable y se desarrollan los principios de su uso y manejo sostenibles, presentando asimismo el marco normativo que lo protege. También se estudian los principales procesos de degradación que lo afectan, como la erosión, la pérdida de materia orgánica, la salinización, la compactación y el sellado, y se analizan las medidas de conservación o restauración más adecuadas en cada caso. Se discute sobre la contribución de los suelos a los servicios ambientales y socio-económicos, así como el papel que desempeñan como agentes y pacientes del cambio global. Se revisan conocimientos sobre el estado actual de los suelos, y se promueve la reflexión sobre nuestra responsabilidad en su manejo.</subfield>
            <subfield code="b"> </subfield>
        </datafield>
        <datafield tag="521" ind1=" " ind2=" ">
            <subfield code="9">100</subfield>
            <subfield code="a">Ciencias Ambientales</subfield>
        </datafield>
        <datafield tag="540" ind1=" " ind2=" ">
            <subfield code="a">by-nc-sa</subfield>
            <subfield code="b">Creative Commons</subfield>
            <subfield code="c">3.0</subfield>
            <subfield code="u">http://creativecommons.org/licenses/by-nc-sa/3.0/</subfield>
        </datafield>
        <datafield tag="700" ind1=" " ind2=" ">
            <subfield code="0">(orcid)0000-0003-3516-5756</subfield>
            <subfield code="1">391472</subfield>
            <subfield code="a">Ortiz Perpiñá, Josep Oriol</subfield>
        </datafield>
        <datafield tag="700" ind1=" " ind2=" ">
            <subfield code="0">(orcid)0000-0001-7003-8950</subfield>
            <subfield code="1">713866</subfield>
            <subfield code="a">Girona Garcia, Antonio</subfield>
        </datafield>
        <datafield tag="830" ind1=" " ind2=" ">
            <subfield code="9">571</subfield>
        </datafield>
        <datafield tag="830" ind1=" " ind2=" ">
            <subfield code="9">277</subfield>
        </datafield>
        <datafield tag="856" ind1="4" ind2=" ">
            <subfield code="s">13870</subfield>
            <subfield code="u">http://zaguan.unizar.es/record/66003/files/guia-25218-en.pdf</subfield>
            <subfield code="y">Guide (english)</subfield>
        </datafield>
        <datafield tag="856" ind1="4" ind2=" ">
            <subfield code="s">34146</subfield>
            <subfield code="u">http://zaguan.unizar.es/record/66003/files/guia-25218-es.pdf</subfield>
            <subfield code="y">Guía (idioma español)</subfield>
        </datafield>
        <datafield tag="970" ind1=" " ind2=" ">
            <subfield code="a">GDOC-2016-25218</subfield>
        </datafield>
        <datafield tag="980" ind1=" " ind2=" ">
            <subfield code="a">GDOC</subfield>
            <subfield code="b">Ciencias</subfield>
            <subfield code="c">201</subfield>
        </datafield>
    </record>

    
</collection>